| 000 | 00602nam a2200229 a 4500 | ||
|---|---|---|---|
| 999 |
_c3839 _d3839 |
||
| 003 | PK-NaQUE | ||
| 005 | 20250305090551.0 | ||
| 008 | 250305b ||||| |||| 00| 0 eng d | ||
| 020 | _a0782126103 (paperback) | ||
| 020 | _a9780782126105 (paperback) | ||
| 040 | _cQUEST | ||
| 082 | _a004.68COL | ||
| 100 | 1 | _aSybex. | |
| 245 | 1 | 0 | _aNetworking Complete / |
| 260 |
_aU S A _bSybex Inc, _c2000. |
||
| 300 | _a999 p. ; | ||
| 650 | _aComputer networks | ||
| 700 | 1 | _aColeman, Pat. | |
| 700 | 1 | _aAnderson, Christa. | |
| 856 | 4 | 0 |
_uhttp://10.10.170.122:8080/browse/book/26690 _yeBook |
| 942 |
_cBK _2ddc |
||